000
00339nam a22001457a 4500
008
221122b ||||| |||| 00| 0 eng d
020
_a
9781284029031
041
_a
eng
080
_2
SECOND EDITION
_a
610.73
082
_a
610.73SCA
100
_a
9
101
_a
INF
245
_a
RESPIRATORY THERAPY EXAM
_c
SCANLAN L C
942
_2
udc
_c
BK
999
_c
59004
_d
59004